000 00593nam a22001817a 4500
003 UA-OsUOA
001 13768
007 ta
008 20030621b un ||||| |||| 00| 0 ukr d
100 _aІльчук В.
942 _cSA
040 _aUA-OsUOA
_cUA-OsUOA
_dUA-OsUOA
245 _aБудинок Носалів стане музеєм!
_b[Вшанування пам'яті родини травознавців Носалів У Рівному]
300 _aС.12
955 _a0
773 0 _w0
_tОго
_dРівне
_d2003
_g№77/1 трав./
650 7 _aВидатні діячі
_2UDC
999 _c299929
_d299929